Soil Mechanics and Foundation Engineering / (Record no. 2926)

MARC details
000 -LEADER
fixed length control field 00570nac a22001931u 4500
020 ## - INTERNATIONAL STANDARD BOOK NUMBER
International Standard Book Number 8174091041
082 ## - DEWEY DECIMAL CLASSIFICATION NUMBER
Classification number 624.15136
Item number GAR
090 ## - LOCALLY ASSIGNED LC-TYPE CALL NUMBER (OCLC); LOCAL CALL NUMBER (OCLC)
-- 2926
-- 2926
100 ## - MAIN ENTRY--PERSONAL NAME
Personal name Garg ,S.K.
245 ## - TITLE STATEMENT
Title Soil Mechanics and Foundation Engineering /
Remainder of title S.K.Grag.
250 ## - EDITION STATEMENT
Edition statement 6th ed. :
Remainder of edition statement Revised ed.
260 ## - PUBLICATION, DISTRIBUTION, ETC. (IMPRINT)
Place of publication, distribution, etc Delhi;
Name of publisher, distributor, etc Khanna Publisher,
Date of publication, distribution, etc c2005.
300 ## - PHYSICAL DESCRIPTION
Extent 1199p.
Dimensions 25cm.
504 ## - BIBLIOGRAPHY, ETC. NOTE
Bibliography, etc Includes Index.
650 ## - SUBJECT ADDED ENTRY--TOPICAL TERM
Topical term or geographic name as entry element soil mechanics
650 ## - SUBJECT ADDED ENTRY--TOPICAL TERM
Topical term or geographic name as entry element foundation engineering .
700 ## - ADDED ENTRY--PERSONAL NAME
Personal name Garg ,S.K.
942 ## - ADDED ENTRY ELEMENTS (KOHA)
Item type Book - Borrowing
Call number prefix 624.15136GAR
Holdings
Withdrawn status Item status Damaged status Not for loan Home library Current library Shelving location Date acquired Source of acquisition Total Checkouts Full call number Barcode Date last seen Koha item type Total Renewals Date last borrowed
        Central Library Central Library First floor 07/03/2012 Purchase   624.15136GAR 000001177 15/07/2025 Book - Borrowing    
        Central Library Central Library First floor 08/03/2010 Purchase 1 624.15136GAR 000010316 15/07/2025 Book - Borrowing 34 12/03/2019